|
|
|
|
| LEADER |
00000nam a22000007a 4500 |
| 005 |
20220211195953.0 |
| 007 |
cr|||| |||| |
| 008 |
220211s2008 co |||||s|||| 00||0 spa d |
| 020 |
|
|
|a 9781449253608
|
| 035 |
|
|
|a 35890
|
| 040 |
|
|
|a vLex
|
| 090 |
|
|
|c 12951
|d 12951
|
| 100 |
1 |
|
|a Murillo Vargas, Guillermo
|
| 245 |
1 |
0 |
|a Teora̕s contemporǹeas de la organizacin̤ y del management
|h [Recurso electrn̤ico] /
|c Guillermo Murillo Vargas
|
| 256 |
|
|
|a Servicio en ln̕ea
|
| 260 |
|
|
|a Bogot:̀
|b ECOE,
|c 2008
|
| 300 |
|
|
|a 1 recurso electrn̤ico
|
| 506 |
1 |
|
|a Disponible solo en los productos indicados
|d vLex Global
|d vLex Global (Academic Edition, excluding Law Schools)
|d vLex Global (U.S. Academic Edition, Law Schools)
|d vLex Global (U.S. Academic Edition, excluding Law Schools)
|d vLex Global (Academic Edition, Law Schools)
|
| 650 |
0 |
4 |
|a Derecho Mercantil y de la Empresa
|z Colombia
|
| 740 |
0 |
|
|a vLex Libros (Servicio en ln̕ea)
|
| 856 |
4 |
0 |
|u https://app.vlex.com/#/sources/35890
|z Acceso restringido
|
| 942 |
|
|
|c BOOK
|
| 999 |
0 |
|
|a Commercial and Company Law
|